000 00485nam a22001817a 4500
999 _c173078
_d173078
005 20200218123511.0
010 _aENG-127863
020 _a9788192189963
_c350.00
035 _aEN-111395
037 _bDBAD/PUB
082 _aN
100 _aDickens,Charles
245 _aOliver Twist/
_cby Charles Dickens
260 _aNew Delhi
_bKopal books
_c2015
270 _a315,Hari Nagar Ashram,Mathura Road
_bNew Delhi
_e110014
300 _a182p.
_c22cm (hb)
942 _2ddc
_cEN
_hN
_mDIC